| 000 | 01176nam a2200193 a 4500 | ||
|---|---|---|---|
| 001 | 000000420 | ||
| 005 | 20200929145336.0 | ||
| 008 | 081127s2005 dr a 000 0 spa d | ||
| 040 |
_aDO-SdBNP _bspa _cBNPHU |
||
| 082 |
_a155.412 _bO39n |
||
| 100 | 1 |
_aOjeda ƠNeill, María I. _91402 |
|
| 245 | 1 | 0 |
_aNiños en movimiento : _beducando el movimiento de la niñez / _cMaría I. Ojeda ƠNeill. |
| 260 |
_aSanto Domingo : _bBúho, _c2005. |
||
| 300 |
_aiv , 79 p. : _bil. ; _c21 cm. |
||
| 504 | _aIncluye referencias bibliográficas | ||
| 505 | 0 | _aAgradecimientos -- Contenido -- Prólogo -- Autores -- El movimiento: generador de vida -- El currículo de movimiento integrado -- Destrezas locomotrices: destrezas fundamentales de movimiento -- Destrezas manipulativas : destrezas fundamentales de movimiento -- Destrezas no locomotrices: destrezas fundamentales de movimiento -- Prácticas apropiadas -- Educación del movimiento como vehículo de enseñanza para estudiantes con necesidades especiales -- Ambiente activo para la educación del movimiento -- Niños en movimiento... compromiso compartido. | |
| 650 | 4 |
_aPsicomotricidad _91403 |
|
| 650 | 4 |
_aAptitud motora en niños _91404 |
|
| 999 |
_c418 _d418 |
||